000 00675nam a2200229 a 4500
001 BRL_169
005 20190320210622.0
008 830331s1964 nyuac#####---#000-0beng-#
040 _aDLC
_cCarP
_dDLC
041 _aeng
044 _anyu
050 4 _aND553.P5
_bQ56 1964
100 1 _aQuinn, Edward
_923100
245 1 0 _aPicasso at Work
_can intimate photographic study by Edward Quinn ; introduction and text by Roland Penrose.
260 _aNueva York
_bDoubleday
_c1964
300 _a16 [259] p.
_bil. (algunas a color)
_c34 cm.
500 _aAu190
600 1 4 _aPicasso, Pablo
_d1881-1973
_94496
700 1 _aPenrose, Roland
_94494
902 _aGRL
942 _2lcc
_cB
999 _c8982
_d8982